00374 a2200145 450000500170000002000180001708200130003510000180004824500210006625000120008726000350009930000660013494200130020099900150021320250613090332.0 a0-13-143092-2 a512.9SUL aSULLIVAN. M.  aCollege Algebra. a7th Ed. aNew York,bSULLIVAN. M,c2005. axix, 723p, ill, table, figure,picturebAppendix & Indexc26cm 2ddccBKS c3958d3958